El cerebro que aprende : (Record no. 180154)
[ view plain ]
| 000 -CABECERA | |
|---|---|
| campo de control de longitud fija | 00828nam a2200253 a 4500 |
| 005 - FECHA Y HORA DE LA ÚLTIMA TRANSACCIÓN | |
| campo de control | 20250304063800.0 |
| 008 - ELEMENTOS DE LONGITUD FIJA--INFORMACIÓN GENERAL | |
| campo de control de longitud fija | 160209s2013 mx r 000 0 spa d |
| 020 ## - NÚMERO INTERNACIONAL NORMALIZADO PARA LIBROS | |
| Número Internacional Estándar del Libro | 9789870605461 |
| 035 ## - NÚMERO DE CONTROL DEL SISTEMA | |
| Número de control de sistema | UPN01000208053 |
| 049 ## - COLECCIÓN | |
| Colección | CG |
| 050 #4 - SIGNATURA TOPOGRÁFICA DE LA BIBLIOTECA DEL CONGRESO | |
| Número de clasificación | QP360.5 |
| Número de documento/Ítem | C4.7 |
| 245 03 - MENCIÓN DE TÍTULO | |
| Título | El cerebro que aprende : |
| Resto del título | una mirada a la educación desde las neurociencias / |
| Mención de responsabilidad, etc. | comp. Alexia Rattazzi ; Diego Golombek ... [et al.]. |
| 260 ## - PUBLICACIÓN, DISTRIBUCIÓN, ETC. | |
| Lugar de publicación, distribución, etc. | Buenos Aires : |
| Nombre del editor, distribuidor, etc. | Aique Educación, |
| Fecha de publicación, distribución, etc. | 2013. |
| 300 ## - DESCRIPCIÓN FÍSICA | |
| Extensión | 216 p. |
| 440 #0 - MENCIÓN DE SERIE/ASIENTO SECUNDARIO--TÍTULO | |
| Título | Neurociencias y educación |
| 650 #4 - ASIENTO SECUNDARIO DE MATERIA - TERMINO TEMATICO | |
| Término de materia o nombre geográfico como elemento de entrada | Neurociencia cognitiva |
| 9 (RLIN) | 14183 |
| 650 #4 - ASIENTO SECUNDARIO DE MATERIA - TERMINO TEMATICO | |
| Término de materia o nombre geográfico como elemento de entrada | Psicopedagogía |
| 9 (RLIN) | 5085 |
| 650 #2 - ASIENTO SECUNDARIO DE MATERIA - TERMINO TEMATICO | |
| Término de materia o nombre geográfico como elemento de entrada | Neurociencias |
| 9 (RLIN) | 15751 |
| 650 #4 - ASIENTO SECUNDARIO DE MATERIA - TERMINO TEMATICO | |
| Término de materia o nombre geográfico como elemento de entrada | Aprendizaje |
| Subdivisión general | Aspectos fisiológicos |
| 9 (RLIN) | 6892 |
| 700 1# - ASIENTO SECUNDARIO--NOMBRE DE PERSONAL | |
| Nombre de persona | Rattazzi, Alexia, |
| Término indicativo de función/relación | comp. |
| 700 1# - ASIENTO SECUNDARIO--NOMBRE DE PERSONAL | |
| Nombre de persona | Golombek, Diego, |
| Término indicativo de función/relación | coaut. |
| 905 ## - TIPO DE MATERIAL | |
| Tipo de material | Libro |
| Estado de retiro | Estado de pérdida | Fuente del sistema de clasificación o colocación | Estado dañado | No para préstamo | Código de colección | Localización permanente | Ubicación/localización actual | Ubicación en estantería | Fecha de adquisición | Total de préstamos | Renovaciones totales | Clasificación | Código de barras | Fecha visto por última vez | Fecha del último préstamo | Número de copia | Tipo de ítem Koha | En préstamo |
|---|---|---|---|---|---|---|---|---|---|---|---|---|---|---|---|---|---|---|
| Library of Congress Classification | Colección General | Bib. Gregorio Torres Quintero | Bib. Gregorio Torres Quintero | Planta baja | 24/09/2022 | 17 | 1 | QP360.5 C4.7 | 308490 | 23/04/2024 | 12/03/2024 | 1 | Libro | |||||
| Library of Congress Classification | Colección General | Bib. Gregorio Torres Quintero | Bib. Gregorio Torres Quintero | Planta baja | 29/08/2022 | 11 | 1 | QP360.5 C4.7 | 308489 | 28/05/2025 | 28/05/2025 | 1 | Libro | 11/06/2025 |
